000 00881nab a2200253 uc4500
001 671964
005 20240305093502.0
008 010704e20001201 spa
035 _a671964
035 _a(OCoLC)819910186
040 _ccomduadb
041 _aspa
100 1 0 _aTudela Sancho, Antonio,
_d1969-
_4aut
_eaut
_9507810
245 1 3 _aEl deseo y sus maquinas : en torno al sujeto nómada en Deleuze y Guattari
650 7 _aDeseo
_2embne
_957
650 _aIdentidad (Filosofía)
_951778
650 _aSujeto
_913419
650 _aNomadismo
_962787
650 _aInmanencia (Filosofia)
_931402
650 _aDeleuze, Gilles, 1925-1995 - Pensamiento filosófico
_936627
650 _aGuattari, Félix, 1930-1992
_924350
773 0 _tRevista de Filosofía (Maracaibo)
_gNúmero 36, Septiembre-Diciembre de 2000, p. 47-73
_w173662
_x0798-1171
_0175522
942 _cARIMP
999 _c208445
_d208445